Name all children in Wayside School - Statistics

General Stats
  • This quiz has been taken 50 times
  • The average score is 12 of 29
Answer Stats
Hint Answer % Correct
J John
86%
T Todd
71%
D Dana
57%
K Kathy
57%
B Benjamin
43%
D Dameon
43%
D Deedee
43%
E Eric Bacon
43%
E Eric Fry
43%
E Eric Ovens
43%
J Jason
43%
J Jenny
43%
J Joe
43%
L Leslie
43%
M Myron
43%
P Paul
43%
S Stephen
43%
A Alison
29%
B Bebe
29%
C Calvin
29%
D Deejay
29%
J Joy
29%
M Mac
29%
M Mauricia
29%
R Ron
29%
R Rondi
29%
S Sammy
29%
S Sharie
29%
T Terrence
29%
No matching quizzes found
Score Distribution
Percent of People with Each Score
Percentile by Number Answered
Your Score History
You have not taken this quiz